| 000 | 00947cam a22002413a 4500 | ||
|---|---|---|---|
| 001 | 19606 | ||
| 003 | PGUSA | ||
| 005 | 20140828083421.0 | ||
| 008 | 061023s2006||||xxu|||||s|||||000 | eng d | ||
| 040 |
_aPGUSA _beng |
||
| 042 | _adc | ||
| 050 | 4 | _aE011 | |
| 100 | 1 |
_aStevenson, James, _d1840-1888 |
|
| 245 | 1 | 0 |
_aIllustrated Catalogue of the Collections Obtained from the Pueblos of Zuñi, New Mexico, and Wolpi, Arizona, in 1881 : _bThird Annual Report of the Bureau of Ethnology to the Secretary of the Smithsonian Institution, 1881-82, Government Printing Office, Washington, 1884, pages 511-594 _h[electronic resource] / _cJames Stevenson |
| 260 |
_bProject Gutenberg, _c2006 |
||
| 506 | _aPublic domain in the USA. | ||
| 516 | _aElectronic text | ||
| 653 | _aZuni Indians -- Antiquities | ||
| 653 | _aHopi Indians -- Antiquities | ||
| 830 | 0 |
_aProject Gutenberg _v19606 |
|
| 856 | 4 | 0 | _uhttp://www.gutenberg.org/ebooks/19606 |
| 942 | _cEB | ||
| 999 |
_c248861 _d248861 |
||